Concrete : Microstructure, Properties, and Materials /

Contenido: Introducción; La estructura del concreto; Resistencia; Estabilidad dimensional; Durabilidad; Cementos hidráulicos; Agregados; Aditivos; Proporcionamiento de las mezclas de concreto; Concreto en edades tempranas; Avances en la tecnología del concreto; Progresos en la mecánica del concreto;...

Ful tanımlama

Kaydedildi:
Detaylı Bibliyografya
Yazar: Mehta, P. Kumar (autor)
Diğer Yazarlar: Monteiro, Paulo J.M. (autor) (autor)
Materyal Türü: Kitap
Dil:İngilizce
Baskı/Yayın Bilgisi: Nueva York, EUA : McGraw-Hill, 2006, c2006
Edisyon:3a edición
Konular:
Etiketler: Etiketle
Etiket eklenmemiş, İlk siz ekleyin!

MARC

LEADER 00000nam^a2200000^a^4500
001 000189830
005 20250521000000.0
009 20260310102429.131
037 |a Acervo ITESO - Biblioteca 
041 |a ING 
082 |a 624. 1834  |b MEH 
100 |a Mehta, P. Kumar  |e (autor) 
240 1 1 |a [Concreto: estructura, propiedades y materiales] 
245 1 0 |a Concrete :  |b Microstructure, Properties, and Materials /  |c P.K. Mehta, P.J.M. Monteiro. 
250 |a 3a edición 
264 4 |a Nueva York, EUA :  |b McGraw-Hill,  |c 2006, c2006 
300 |a XXI, 659 p. +  |e 1 disco compacto de computadora 
336 |a texto  |b txt  |2 rdacontenido 
337 |a sin mediación  |b n  |2 rdamedio 
338 |a volumen  |b nc  |2 rdasoporte 
520 |a Contenido: Introducción; La estructura del concreto; Resistencia; Estabilidad dimensional; Durabilidad; Cementos hidráulicos; Agregados; Aditivos; Proporcionamiento de las mezclas de concreto; Concreto en edades tempranas; Avances en la tecnología del concreto; Progresos en la mecánica del concreto; El futuro del concreto. 
649 |a XX 
650 |a Concreto -  |x Tema Principal 
650 |a Concreto -  |x Propiedades Físicas 
650 |a Materiales de Construcción 
650 |a Resistencia de Materiales 
650 |a Construcción 
650 |a Ingeniería Civil 
700 |a Monteiro, Paulo J.M.  |e (autor) 
910 |a Fondo General 
920 |a Impresos - Libros 
930 |a Colección General 
905 |a 101 
901 |a 0500133023  |b IT1  |c ACC  |u 20250521 
901 |a 0500133339  |b IT2  |c SWS  |u 20250521 
902 |a https://opac.biblio.iteso.mx/vufind/Record/000189830